Statistics for Countries bordering Croatia

Click here to take the quiz!

General Stats

  • This quiz has been taken 74 times
  • The average score is 5 of 5

Answer Stats

Border length (km)Country% Correct
1,009Bosnia and Herzegovina
100%
318Serbia
99%
23Montenegro
97%
668Slovenia
97%
356Hungary
91%

Score Distribution

Percentile by Number Answered

Percent of People with Each Score

Your Score History

You have not taken this quiz